000 00804nam a2200241Ia 4500
003 OSt
005 20221005112442.0
006 a|||||r|||| 00| 0
007 ta
008 221004b |||||||| |||| 00| 0 pan d
020 _a9789350681176 (hbk)
_c200
024 _a14072
037 _b896, 08/09/2014, H.K. Prakashan
_cTextual
040 _aCRL
_cCRL
_bpan
041 _2pan
_apan
082 _aU8.44974, 153Q2
100 _aਮਾਰਕੰਡਾ, ਸੀ
245 0 _aਇਉ੍ਵ ਵੇਖਿਆ ਨੇਪਾਲ
260 _aਚੰਡੀਗੜ
_bਲੋਕਗੀਤ ਪ੍ਰਕਾFਨ ਭਾਰਤ
_c2012
300 _a147ਪੰ
_ccm.
942 _hU8.44974, 153Q2
_cTEXL
_2cc
999 _c1024946
_d1024946